Bioreaction engineering
Furkejuvvon:
| Váldodahkki: | |
|---|---|
| Materiálatiipa: | Girji |
| Giella: | eaŋgalasgiella |
| Almmustuhtton: |
Chichester
John Wiley
1987
|
| Ráidu: | Principles of Chemical Technology Series
|
| Fáttát: | |
| Fáddágilkorat: |
Lasit fáddágilkoriid
Eai fáddágilkorat, Lasit vuosttaš fáddágilkora!
|
MARC
| LEADER | 00000nam a2200000 a 4500 | ||
|---|---|---|---|
| 001 | UCV6097 | ||
| 003 | CL-VaPUC | ||
| 008 | 920603e19870000UK |||||||||||||||||eng|d | ||
| 082 | 0 | 4 | |a 660.63 |b SCH |2 21 |
| 100 | 0 | |a Schügerl, Karl |e author |9 300344 | |
| 245 | 1 | 0 | |a Bioreaction engineering |
| 300 | |a v | ||
| 942 | |c BK | ||
| 945 | |d 19920603 00:00:00 |a mfernand | ||
| 260 | |a Chichester |b John Wiley |c 1987 | ||
| 500 | |a v.1: Reactions involving microorganisms and cells. Fundamentals, thermodynamics, formal kinetics, idealized reactor types an operation modes | ||
| 500 | |a v.2: Characteristic features of bioreactors | ||
| 650 | 0 | |a Ingeniería bioquímica |9 260241 | |
| 650 | 0 | |a Biotecnología |9 259561 | |
| 650 | 0 | |a Reacciones químicas |9 259438 | |
| 650 | 0 | |a Tecnología química |9 263002 | |
| 583 | |a last modification |c 19920603 00:00:00 |k Rodrigo Vera | ||
| 490 | 0 | |a Principles of Chemical Technology Series | |
| 999 | |c 212340 |d 212338 | ||
| 952 | |0 0 |1 0 |4 0 |6 660_630000000000000_SCH_1987 |7 0 |8 A |9 193200 |a BIBING |b BIBING |d 2019-11-14 |h v.1 |i 2608626 |o 660.63 SCH 1987 |p 2608626 |r 2025-01-20 |w 2019-11-14 |y BK |k EIB | ||
| 952 | |0 0 |1 0 |4 0 |6 660_630000000000000_SCH_1987 |7 0 |8 A |9 193201 |a BIBING |b BIBING |d 2019-11-14 |h v.2 |i 1697919 |o 660.63 SCH 1987 |p 1697919 |r 2025-01-20 |w 2019-11-14 |y BK |k EIQ | ||
| 952 | |0 0 |1 0 |4 0 |6 660_630000000000000_SCH_1987 |7 0 |8 A |9 193202 |a BIBING |b BIBING |d 2019-11-14 |h v.1 |i 4343239 |o 660.63 SCH 1987 |p 4343239 |r 2025-01-20 |w 2019-11-14 |y BK |k ING | ||